Proyecto de reglamento general de primera enseñanza, que se ha de observar en todas las escuelas de primeras letras de la monarquía española (Record no. 183830)

MARC details
000 -LEADER
campo de control de longitud fija 00797nam a2200169 i 4500
001 - NÚMERO DE CONTROL
campo de control 183830
003 - IDENTIFICADOR DE NÚMERO DE CONTROL
campo de control ES-MaACL
005 - FECHA Y HORA DE LA ÚLTIMA TRANSACCIÓN
campo de control 20240305181241.0
008 - DATOS DE LONGITUD FIJA--INFORMACIÓN GENERAL
campo de control de longitud fija 141022s1822 sp l |||| | spa d
245 00 - MENCIÓN DEL TÍTULO
Título Proyecto de reglamento general de primera enseñanza, que se ha de observar en todas las escuelas de primeras letras de la monarquía española
Resto del título : aprobado interinamente por el gobierno, a propuesta de la Dirección General de Estudios, conforme a lo acordado por las Cortes en 29 de junio próximo.
260 ## - PUBLICACIÓN, DISTRIBUCIÓN, ETC.
Lugar de publicación, distribución, etc. Madrid :
Nombre del editor, distribuidor, etc. [s.n.],
Fecha de publicación, distribución, etc. 1822 (
Fabricante Imp. de Mateo Repullés)
300 ## - DESCRIPCIÓN FÍSICA
Extensión 15 p. ;
Dimensiones 21 cm.
650 #7 - PUNTO DE ACCESO ADICIONAL DE MATERIA--TÉRMINO DE MATERIA
Término de materia o nombre geográfico como elemento de entrada Enseñanza primaria-
Subdivisión geográfica España-
Subdivisión cronológica S.XIX
Fuente del encabezamiento o término
9 (RLIN) 165207
710 2# - ENTRADA AGREGADA--NOMBRE DE ENTIDAD CORPORATIVA
Nombre de entidad corporativa o nombre de jurisdicción como elemento de entrada España.
Unidad subordinada Dirección General de Estudios.
9 (RLIN) 155751
852 ## - LOCALIZACIÓN
Ubicación ES-MaACL
Número de control de estantería T-585-F-5
Holdings
Estatus retirado Estado de pérdida Estado de daño No para préstamo Colección Biblioteca de origen Biblioteca actual Ubicación en estantería Fecha de adquisición Fuente de adquisición Total de préstamos Signatura topográfica completa Código de barras Visto por última vez Precio de reemplazo Tipo de ítem Koha
        Colección de folletos Biblioteca del Ateneo de Madrid Biblioteca del Ateneo de Madrid Depósito folletos 22/10/2014     T-585-F-5 1193276 23/02/2023 23/02/2023 Folleto